[Event "Do it quickly! #02"]
[Site "SchemingMind.com"]
[Date "2012.08.19"]
[Round "-"]
[White "mtnewk"]
[Black "Michal Drus"]
[Result "0-1"]
[WhiteCountry "USA"]
[BlackCountry "POL"]
[WhiteElo "1568"]
[WhiteRD "87"]
[BlackElo "1645"]
[BlackRD "57"]
[GameID "316228"]

1. d4 d5 2. c4 c6 3. Nc3 e5 4. dxe5 d4 5. Ne4 Qa5+ 6. Bd2 Qxe5 7. Qc2 Bf5 8. f3 Nd7 9. Nh3 Ngf6 10. Nxf6+ Qxf6
11. Qb3 Nc5 12. Qd1 Bxh3
0-1

[Event "Do it quickly! #02"]
[Site "SchemingMind.com"]
[Date "2012.08.19"]
[Round "-"]
[White "Michal Drus"]
[Black "mtnewk"]
[Result "0-1"]
[WhiteCountry "POL"]
[BlackCountry "USA"]
[WhiteElo "1645"]
[WhiteRD "57"]
[BlackElo "1568"]
[BlackRD "87"]
[GameID "316229"]

1. e4 c5 2. Nf3 Nc6 3. d4 cxd4 4. Nxd4 g6 5. c4 Bg7 6. Be3 d6 7. Nc3 a6 8. Be2 Nf6 9. O-O O-O 10. f3 Qb6
11. Ne6 Qxe3+ 12. Kh1 Bxe6
0-1

[Event "Do it quickly! #02"]
[Site "SchemingMind.com"]
[Date "2012.08.20"]
[Round "-"]
[White "eun77"]
[Black "Michal Drus"]
[Result "0-1"]
[WhiteCountry "ISR"]
[BlackCountry "POL"]
[WhiteElo "1269"]
[WhiteRD "62"]
[BlackElo "1620"]
[BlackRD "60"]
[GameID "316230"]

1. e4 c6 2. d3 d5 3. Bd2 dxe4 4. dxe4 e5 5. h3 Nf6 6. Bd3 Bc5 7. Nf3 Be6 8. O-O Qb6 9. b3 Bd4 10. Nxd4 Qxd4
11. Bc3 Qd6 12. Re1 O-O 13. Bb2 c5 14. Nd2 Nc6 15. a3 a6 16. Bc4 Nd4 17. Bxd4 cxd4 18. Bxe6 Qxe6 19. Nf3 b5 20. b4 Rfe8
21. Nh2 Qc6 22. Qd3 h6 23. Rac1 a5 24. bxa5 Rxa5 25. Nf3 Nh5 26. g3 Re6 27. Nh2 Rg6 28. g4 Nf4 29. Qg3 h5 30. f3 Rxa3
0-1

[Event "Do it quickly! #02"]
[Site "SchemingMind.com"]
[Date "2012.08.20"]
[Round "-"]
[White "eun77"]
[Black "mtnewk"]
[Result "0-1"]
[WhiteCountry "ISR"]
[BlackCountry "USA"]
[WhiteElo "1269"]
[WhiteRD "62"]
[BlackElo "1556"]
[BlackRD "75"]
[GameID "316231"]

1. e4 c5 2. d3 Nc6 3. Nf3 g6 4. c3 d6 5. h3 Bg7 6. Be2 Nf6 7. O-O O-O 8. Nh2 b6 9. Bg4 Bb7 10. Be3 Ne5
11. Be2 d5 12. exd5 Nxd5 13. Bf3 Nxe3 14. fxe3 Bxf3 15. Nxf3 Nxd3 16. Qc2 Ne5 17. Nxe5 Bxe5 18. Nd2 Qc7 19. Nf3 Bf6 20. Rad1 Rad8
21. Rxd8 Rxd8 22. Rd1 Rxd1+ 23. Qxd1 Qd6 24. Qxd6 exd6 25. Nd2 d5 26. e4 dxe4 27. Nxe4 Be5 28. Kf2 Kf8 29. Ke3 Ke7
0-1

[Event "Do it quickly! #02"]
[Site "SchemingMind.com"]
[Date "2012.08.20"]
[Round "-"]
[White "Michal Drus"]
[Black "eun77"]
[Result "1-0"]
[WhiteCountry "POL"]
[BlackCountry "ISR"]
[WhiteElo "1639"]
[WhiteRD "63"]
[BlackElo "1381"]
[BlackRD "66"]
[GameID "316232"]

1. e4 e5 2. Nf3 d6 3. d4 exd4 4. Nxd4 Nc6 5. Bb5 Bd7 6. Nc3 a6 7. Bxc6 Bxc6 8. Nxc6 bxc6 9. Bf4 Be7 10. e5 dxe5
11. Bxe5 Qxd1+ 12. Rxd1 Rd8 13. Rxd8+ Bxd8 14. Bxg7 Bf6 15. Bxh8 Bxh8 16. Kd2 Bxc3+ 17. Kxc3 Nf6 18. Re1+ Kf8 19. h3 Nd5+ 20. Kc4 h6
21. Kc5 Ne7 22. Kb4 Nd5+ 23. Kc5 f6 24. Kxc6 Ne7+ 25. Kxc7
1-0

[Event "Do it quickly! #02"]
[Site "SchemingMind.com"]
[Date "2012.08.20"]
[Round "-"]
[White "mtnewk"]
[Black "eun77"]
[Result "1-0"]
[WhiteCountry "USA"]
[BlackCountry "ISR"]
[WhiteElo "1560"]
[WhiteRD "80"]
[BlackElo "1381"]
[BlackRD "66"]
[GameID "316233"]

1. d4 d5 2. c4 c6 3. Nf3 e6 4. Nc3 h6 5. e3 dxc4 6. Bxc4 Nf6 7. Qc2 Be7 8. O-O O-O 9. Ne5 Nbd7 10. Rd1 Nxe5
11. dxe5 Qc7 12. exf6 Bxf6 13. Ne2 b5 14. Bxb5 Bb7 15. Bd3 Be5 16. f4 Bf6 17. Rb1 Kh8 18. b3 Rad8 19. Ba3 Rfe8 20. Bb5 Rxd1+
21. Rxd1 Rc8 22. Rc1 Be7 23. Bxe7 a6 24. Bxa6 Bxa6 25. Bc5 Bxe2 26. Qxe2 Qa5 27. b4 Qc7 28. a4 Qb7 29. a5 Ra8 30. Ra1
1-0

[Event "Do it quickly! #02"]
[Site "SchemingMind.com"]
[Date "2012.08.31"]
[Round "-"]
[White "emvarela"]
[Black "Michal Drus"]
[Result "1-0"]
[WhiteCountry "ARG"]
[BlackCountry "POL"]
[WhiteElo "1731"]
[WhiteRD "50"]
[BlackElo "1620"]
[BlackRD "60"]
[GameID "316656"]

1. e4 c6 2. d4 d5 3. Nc3 b5 4. a3 dxe4 5. Nxe4 Nf6 6. Nxf6+ exf6 7. a4 Qa5+ 8. c3 b4 9. Bd2 Bf5 10. cxb4 Bxb4
11. Bxb4 Qxb4+ 12. Qd2 Qxd2+ 13. Kxd2 O-O 14. Nf3 Na6 15. Bxa6 Rad8 16. Bc4 Bg4 17. Kc3 Bxf3 18. gxf3 Rd7 19. Rad1 Rc8 20. Rd3 c5
21. Rhd1 g5 22. dxc5 Rxd3+ 23. Rxd3 Rxc5 24. Rd8+ Kg7 25. Rd7 a5 26. Rxf7+ Kg6 27. Re7 Kf5 28. b4 axb4+ 29. Kxb4
1-0

[Event "Do it quickly! #02"]
[Site "SchemingMind.com"]
[Date "2012.08.31"]
[Round "-"]
[White "emvarela"]
[Black "eun77"]
[Result "1-0"]
[WhiteCountry "ARG"]
[BlackCountry "ISR"]
[WhiteElo "1731"]
[WhiteRD "50"]
[BlackElo "1269"]
[BlackRD "62"]
[GameID "316657"]

1. e4 e5 2. Nf3 d6 3. d4 exd4 4. Nxd4 Nc6 5. Bb5 Bd7 6. Nc3 Nxd4 7. Bxd7+ Qxd7 8. Qxd4 c6 9. Bf4 Nf6 10. O-O-O c5
11. Qd2 h6 12. Bxd6 Bxd6 13. Qxd6 Qxd6 14. Rxd6 a6 15. Nd5 Nxd5 16. Rxd5 O-O 17. Rxc5 Rac8 18. Rxc8 Rxc8 19. Rd1 Kf8 20. f4
1-0

[Event "Do it quickly! #02"]
[Site "SchemingMind.com"]
[Date "2012.08.31"]
[Round "-"]
[White "emvarela"]
[Black "mtnewk"]
[Result "1-0"]
[WhiteCountry "ARG"]
[BlackCountry "USA"]
[WhiteElo "1717"]
[WhiteRD "50"]
[BlackElo "1560"]
[BlackRD "80"]
[GameID "316658"]

1. e4 c5 2. Nf3 Nc6 3. d4 cxd4 4. c3 dxc3 5. Bc4 d6 6. Nxc3 Nf6 7. e5 dxe5 8. Qxd8+ Kxd8 9. Bxf7 e6 10. Bg5 Ke7
11. Bxf6+ Kxf6 12. Bh5 Kf5 13. Be8 Bb4 14. Bxc6 bxc6 15. O-O Rd8 16. Rac1 Ba6 17. Rfe1 Bd6 18. Ne4 Bc7 19. Rxc6 Bb7 20. Ng3+ Kf6
21. Rxc7
1-0

[Event "Do it quickly! #02"]
[Site "SchemingMind.com"]
[Date "2012.08.31"]
[Round "-"]
[White "Michal Drus"]
[Black "emvarela"]
[Result "0-1"]
[WhiteCountry "POL"]
[BlackCountry "ARG"]
[WhiteElo "1620"]
[WhiteRD "60"]
[BlackElo "1731"]
[BlackRD "50"]
[GameID "316659"]

1. e4 e5 2. Nf3 Nc6 3. d4 exd4 4. Nxd4 Nf6 5. Nc3 Bb4 6. Nxc6 bxc6 7. Bd3 d5 8. Bd2 O-O 9. O-O Bxc3 10. Bxc3 Nxe4
11. Bxe4 dxe4 12. Re1 f5 13. Qxd8 Rxd8 14. f3 exf3 15. g3 Rf8 16. Bb4 Ba6 17. Bxf8 Kxf8 18. Re3 Be2 19. Kf2 Re8 20. Rxe8+ Kxe8
21. Re1 g5 22. h3 g4 23. hxg4 fxg4 24. Rh1 Bc4 25. Rxh7 Kd8 26. Ke3 Be6 27. Kf4 a5 28. a3 f2 29. Rh1 Bc4 30. Kxg4 f1=Q
31. Rxf1 Bxf1 32. Kf5 Bc4 33. b3 Bg8 34. g4 Ke7 35. c4 Kd6 36. Kf6 Kc5
0-1

[Event "Do it quickly! #02"]
[Site "SchemingMind.com"]
[Date "2012.08.31"]
[Round "-"]
[White "eun77"]
[Black "emvarela"]
[Result "0-1"]
[WhiteCountry "ISR"]
[BlackCountry "ARG"]
[WhiteElo "1269"]
[WhiteRD "62"]
[BlackElo "1731"]
[BlackRD "50"]
[GameID "316660"]

1. d4 Nf6 2. e3 d5 3. h3 Nc6 4. Nf3 e6 5. Bb5 a6 6. Bxc6+ bxc6 7. O-O c5 8. dxc5 Bxc5 9. b3 O-O 10. Ba3 Bxa3
11. Nxa3 Qd6 12. Nb1 c5 13. Nbd2 e5 14. a4 e4 15. Nh2 Be6 16. f4 d4 17. Nc4 Bxc4 18. bxc4 Rad8 19. exd4 Qxd4+ 20. Qxd4 Rxd4
21. g3 Rxc4 22. Ra2 Nd5 23. a5 Nb4 24. Rb2 Rxc2
0-1

[Event "Do it quickly! #02"]
[Site "SchemingMind.com"]
[Date "2012.08.31"]
[Round "-"]
[White "mtnewk"]
[Black "emvarela"]
[Result "1-0"]
[WhiteCountry "USA"]
[BlackCountry "ARG"]
[WhiteElo "1644"]
[WhiteRD "74"]
[BlackElo "1757"]
[BlackRD "48"]
[GameID "316661"]

1. d4 Nf6 2. c4 e6 3. Nf3 c5 4. Bg5 Be7 5. e3 O-O 6. Qc2 cxd4 7. exd4 h6 8. Bf4 Bb4+ 9. Nc3 Nc6 10. a3 Bxc3+
11. Qxc3 d5 12. Rc1 dxc4 13. Qxc4 Nd5 14. Be3 Nxe3 15. fxe3 Qa5+ 16. Qc3 Qxc3+ 17. bxc3 b6 18. Bd3 Bb7 19. O-O Rac8 20. Rfd1 Ne7
21. Kf2 Bxf3 22. Kxf3 Rfd8 23. c4 f5 24. Kf4 Ng6+ 25. Kf3 Kf7 26. c5 bxc5 27. dxc5 Ne5+ 28. Ke2 Nxd3 29. Rxd3 Rxd3 30. Kxd3 e5
31. Kc4 Ke6 32. Kb5 Kd7 33. c6+ Kc7 34. Rc4 Rb8+ 35. Kc5 Rb3 36. Ra4 Rxe3 37. Rxa7+ Kc8 38. Kd6 Rd3+ 39. Kxe5 g6 40. a4 Rd2
41. a5 Rxg2 42. a6 Rxh2 43. Rb7
1-0

[Event "Do it quickly! #02"]
[Site "SchemingMind.com"]
[Date "2012.08.31"]
[Round "-"]
[White "Phillip Beckett"]
[Black "emvarela"]
[Result "1/2-1/2"]
[WhiteCountry "ENG"]
[BlackCountry "ARG"]
[WhiteElo "1626"]
[WhiteRD "49"]
[BlackElo "1731"]
[BlackRD "50"]
[GameID "316663"]

1. e4 e5 2. Nf3 Nc6 3. Bb5 a6 4. Bxc6 dxc6 5. d4 exd4 6. Qxd4 Qxd4 7. Nxd4 Nf6 8. f3 Bc5 9. Be3 Bxd4 10. Bxd4 Ke7
11. Nc3 Rd8 12. O-O-O Be6 13. Bc5+ Ke8 14. Rxd8+ Rxd8 15. Rd1 Rxd1+ 16. Kxd1 Nd7 17. Be3 b6 18. Ne2 c5 19. a3 f5 20. exf5 Bxf5
21. Ng3 Bg6 22. c3 Ne5 23. Bf4 Nd3 24. Bc1 Nxc1 25. Kxc1 Ke7 26. Kd2 Ke6 27. Ke3 b5 28. Ne4 Bxe4 29. Kxe4 a5 30. b4 cxb4
31. cxb4 axb4 32. axb4 Kd6 33. Kd4 g5 34. g3 h5 35. f4 gxf4 36. gxf4 h4 37. f5 h3 38. f6 Ke6 39. Kc5 Kxf6 40. Kxb5 Ke7
41. Kc6 Kd8 42. b5 Kc8 43. b6 cxb6 44. Kxb6 Kd7= 45. Kc5 Ke6 46. Kd4 Kf5 47. Ke3 Kg4= 48. Kf2 Kf4 49. Ke2=
1/2-1/2

[Event "Do it quickly! #02"]
[Site "SchemingMind.com"]
[Date "2012.08.26"]
[Round "-"]
[White "Phillip Beckett"]
[Black "Michal Drus"]
[Result "1-0"]
[WhiteCountry "ENG"]
[BlackCountry "POL"]
[WhiteElo "1626"]
[WhiteRD "49"]
[BlackElo "1620"]
[BlackRD "60"]
[GameID "316664"]

1. e4 c6 2. d4 d5 3. Nc3 dxe4 4. Nxe4 Nd7 5. Nf3 Ngf6 6. Bd3 e6 7. O-O Be7 8. c3 c5 9. dxc5 Nxe4 10. Bxe4 O-O
11. c6 Nc5 12. cxb7 Bxb7 13. Bxb7 Nxb7 14. Qxd8 Raxd8 15. Be3 Rd5 16. Rad1 Rd6 17. Rxd6 Bxd6 18. Nd4 Nc5 19. Nb3 Rc8 20. Nxc5 Bxc5
21. Bxc5 Rxc5 22. Rd1 f5 23. Rd8+ Kf7 24. Rd7+ Kf6 25. Rxa7 h5 26. g3 g5 27. a4 f4 28. a5 f3 29. h3 Kf5 30. a6 Ra5
31. b4 Ra1+ 32. Kh2 e5 33. Rf7+ Ke4 34. a7 Kd5 35. Rxf3 Rxa7 36. Rf5 Rg7 37. Kg2 Kc4 38. Rf3 g4 39. hxg4 hxg4 40. Re3 Kd5
41. b5 Rb7 42. c4+ Kd4 43. Kf1 Re7 44. Ke2 Re6 45. Rb3 Kxc4 46. Rb1 Kc5 47. Ke3 Rb6 48. Ke4 Kd6 49. Kf5 Kc7 50. Kxe5 Rg6
51. b6+ Rxb6 52. Rxb6 Kxb6 53. Kf4 Kc6 54. Kxg4 Kd6 55. Kf5 Ke7 56. Kg6
1-0

[Event "Do it quickly! #02"]
[Site "SchemingMind.com"]
[Date "2012.08.27"]
[Round "-"]
[White "Phillip Beckett"]
[Black "eun77"]
[Result "1/2-1/2"]
[WhiteCountry "ENG"]
[BlackCountry "ISR"]
[WhiteElo "1561"]
[WhiteRD "46"]
[BlackElo "1403"]
[BlackRD "72"]
[GameID "316665"]

1. e4 e5 2. Nf3 d6 3. d4 exd4 4. Nxd4 Nc6 5. Bb5 Bd7 6. Nxc6 Bxc6 7. Qd5 Ne7 8. Bxc6+ Nxc6 9. O-O Qf6 10. Nc3 Qe5
11. f4 Qxd5 12. Nxd5 O-O-O 13. Bd2 Kb8 14. Nb4 Nxb4 15. Bxb4 c5 16. Bc3 Rg8 17. Rad1 f6 18. e5 Be7 19. exd6 Rxd6 20. Rxd6 Bxd6
21. g3 Re8 22. Re1 Rxe1+ 23. Bxe1 Kc7 24. Bf2 Kc6 25. Kf1 b6 26. Ke2 f5 27. Kd3 g6 28. c4 a5 29. a4 Kd7 30. b3=
1/2-1/2

[Event "Do it quickly! #02"]
[Site "SchemingMind.com"]
[Date "2012.08.27"]
[Round "-"]
[White "Phillip Beckett"]
[Black "mtnewk"]
[Result "1/2-1/2"]
[WhiteCountry "ENG"]
[BlackCountry "USA"]
[WhiteElo "1618"]
[WhiteRD "48"]
[BlackElo "1560"]
[BlackRD "80"]
[GameID "316666"]

1. e4 c5 2. Nf3 Nc6 3. d4 cxd4 4. Nxd4 g6 5. Nc3 Bg7 6. Be3 Nf6 7. f3 O-O 8. Qd2 d6 9. O-O-O Nxd4 10. Bxd4 Qa5
11. Kb1 e5 12. Be3 Be6 13. Nd5 Qxd2 14. Nxf6+ Bxf6 15. Rxd2 Be7 16. Be2 a6 17. Rhd1 Rfd8 18. f4 f6 19. g4 Rac8 20. f5 gxf5
21. gxf5 Bf7 22. Bb6 Rd7 23. b3 Rc6 24. Ba5 b6 25. Bb4 a5 26. Ba3 Rc8 27. Kc1 Rcd8 28. Bb5 Rc7 29. Bxd6 Kg7 30. Bxe7 Rxd2
31. Rxd2 Rxe7 32. Rd7 Rxd7 33. Bxd7= Bh5 34. Bc6 Bg4 35. Kd2 Kf8 36. a3 Ke7 37. b4 axb4 38. axb4 Kd6 39. Bd5 Bxf5 40. c3 Bg6
41. c4 h6 42. Ke3 h5 43. h4 Be8 44. Kf3= Bg6 45. b5 Kc5 46. Ke3 Kd6 47. Bg8 Kc5 48. Bd5 Be8 49. Kf3 Bg6= 50. Be6 Kd4
51. Bd5 Kc5 52. Ke3=
1/2-1/2

[Event "Do it quickly! #02"]
[Site "SchemingMind.com"]
[Date "2012.08.31"]
[Round "-"]
[White "emvarela"]
[Black "Phillip Beckett"]
[Result "1-0"]
[WhiteCountry "ARG"]
[BlackCountry "ENG"]
[WhiteElo "1717"]
[WhiteRD "50"]
[BlackElo "1618"]
[BlackRD "48"]
[GameID "316667"]

1. e4 c5 2. Nf3 d6 3. d4 cxd4 4. Nxd4 Nf6 5. Nc3 g6 6. Be3 Bg7 7. f3 O-O 8. Qd2 Nc6 9. O-O-O d5 10. Nxc6 bxc6
11. exd5 Nxd5 12. Nxd5 cxd5 13. Qxd5 Qc7 14. Qc5 Qb8 15. Bd4 e5 16. Bc3 Be6 17. b3 Rc8 18. Qb4 Qc7 19. Kb2 Rab8 20. Qa5 Qc6
21. Bd3 Rc7 22. Bxe5
1-0

[Event "Do it quickly! #02"]
[Site "SchemingMind.com"]
[Date "2012.08.26"]
[Round "-"]
[White "Michal Drus"]
[Black "Phillip Beckett"]
[Result "0-1"]
[WhiteCountry "POL"]
[BlackCountry "ENG"]
[WhiteElo "1645"]
[WhiteRD "57"]
[BlackElo "1561"]
[BlackRD "46"]
[GameID "316668"]

1. e4 e5 2. f3 Nf6 3. Bc4 d6 4. Nc3 Nc6 5. Nge2 Be7 6. f4 exf4 7. Nxf4 O-O 8. d4 Bg4 9. Be2 Bxe2 10. Ncxe2 Nxe4
11. Nd5 Bg5 12. O-O Bxc1 13. Rxc1 Ne7 14. Nef4 Nxd5 15. Nxd5 c6 16. Ne3 Qg5 17. Qf3 Nd2 18. Qf5 Qxe3+ 19. Kh1 Nxf1
0-1

[Event "Do it quickly! #02"]
[Site "SchemingMind.com"]
[Date "2012.08.27"]
[Round "-"]
[White "eun77"]
[Black "Phillip Beckett"]
[Result "0-1"]
[WhiteCountry "ISR"]
[BlackCountry "ENG"]
[WhiteElo "1381"]
[WhiteRD "66"]
[BlackElo "1618"]
[BlackRD "48"]
[GameID "316669"]

1. e4 e5 2. d3 d6 3. h3 f5 4. exf5 Bxf5 5. Nf3 Nf6 6. Be2 Be7 7. O-O O-O 8. Nh2 Nc6 9. Bg4 Nxg4 10. Nxg4 Qd7
11. Nh2 Nd4 12. Be3 Ne6 13. g4 Bg6 14. Nd2 Nf4 15. Bxf4 Rxf4 16. f3 Raf8 17. Rf2 Bh4 18. Rg2 Qc6 19. Ne4 Bxe4 20. dxe4 Qb6+
21. Kh1 Qxb2 22. Qc1 Qxc1+ 23. Rxc1 Bd8 24. c3 Bg5 25. Rb1 b6 26. a4 R4f7 27. Rf1 Bf4 28. c4 Bxh2 29. Kxh2 Rxf3 30. Rxf3 Rxf3
31. a5 Re3 32. axb6 axb6 33. Rc2 Rxe4 34. Kg2 Rd4 35. Kf2 e4 36. Ke2 Rd3 37. h4 Rh3 38. h5 Rh2+ 39. Kd1 Rxc2 40. Kxc2 Kf7
41. Kd2 Kf6 42. Ke3 Ke5
0-1

[Event "Do it quickly! #02"]
[Site "SchemingMind.com"]
[Date "2012.08.27"]
[Round "-"]
[White "mtnewk"]
[Black "Phillip Beckett"]
[Result "0-1"]
[WhiteCountry "USA"]
[BlackCountry "ENG"]
[WhiteElo "1560"]
[WhiteRD "80"]
[BlackElo "1618"]
[BlackRD "48"]
[GameID "316670"]

1. d4 d5 2. c4 e6 3. Nf3 Nf6 4. Nc3 Be7 5. Bg5 h6 6. Bxf6 Bxf6 7. e3 c6 8. Bd3 dxc4 9. Bxc4 Nd7 10. O-O O-O
11. Rc1 e5 12. h3 exd4 13. exd4 Nb6 14. Bb3 Bf5 15. Re1 Re8 16. Rxe8+ Qxe8 17. Qe1 Qxe1+ 18. Rxe1 Kf8 19. Ne4 Bxe4 20. Rxe4 Re8
21. Rxe8+ Kxe8 22. Kf1 Nd5 23. Ke2 Nf4+ 24. Kf1 Nd3 25. Ke2 Nf4+ 26. Kf1 Nd3 27. Ke2 Nf4+ 28. Kf1 Ne6 29. Bxe6 fxe6 30. b3 Ke7
31. Ke2 Kd6 32. Kd3 Kd5= 33. g3 e5 34. dxe5 Bxe5 35. Nxe5 Kxe5 36. Ke3 c5 37. f4+ Kd5 38. Kd3 b5 39. a3 a5 40. g4 g6
41. h4 c4+ 42. bxc4+ bxc4+ 43. Kc3 Ke4 44. g5 h5
0-1

[Event "Do it quickly! #02"]
[Site "SchemingMind.com"]
[Date "2012.09.01"]
[Round "-"]
[White "dangerman1"]
[Black "emvarela"]
[Result "1-0"]
[WhiteCountry "ENG"]
[BlackCountry "ARG"]
[WhiteElo "2365"]
[WhiteRD "101"]
[BlackElo "1717"]
[BlackRD "50"]
[GameID "316679"]

1. e4 e5 2. Nf3 Nc6 3. Bb5 a6 4. Bxc6 dxc6 5. O-O Bd6 6. d4 exd4 7. Qxd4 f6 8. Be3 c5 9. Qc3 Qe7 10. Nbd2 b6
11. b4 Bb7 12. bxc5 Bxc5 13. Bxc5 Qxc5 14. Qxc5 bxc5 15. Nb3 c4 16. Nc5 Ne7 17. Nxb7 Rb8 18. Rab1 O-O 19. Nd4 Rfe8 20. Ne6 Nc6
21. Nbc5 Rb5 22. Nxc7 Rxb1 23. Rxb1 Rc8 24. Nd5
1-0

[Event "Do it quickly! #02"]
[Site "SchemingMind.com"]
[Date "2012.08.27"]
[Round "-"]
[White "dangerman1"]
[Black "Phillip Beckett"]
[Result "1-0"]
[WhiteCountry "ENG"]
[BlackCountry "ENG"]
[WhiteElo "2309"]
[WhiteRD "99"]
[BlackElo "1600"]
[BlackRD "47"]
[GameID "316680"]

1. e4 e5 2. Nf3 Nc6 3. Bb5 a6 4. Bxc6 dxc6 5. O-O Qd6 6. d3 f6 7. Nbd2 b5 8. Nb3 Be6 9. Be3 g5 10. Nfd2 h5
11. Bc5 Qd7 12. Bxf8 Kxf8 13. d4 exd4 14. Nc5 Qd6 15. b4 Bg4 16. f3 Bd7 17. Ndb3 Nh6 18. Qd2 g4 19. e5 fxe5 20. fxg4+ Kg7
21. Qg5+ Kh7 22. Rf6 Qe7 23. Rxh6#
1-0

[Event "Do it quickly! #02"]
[Site "SchemingMind.com"]
[Date "2012.08.28"]
[Round "-"]
[White "dangerman1"]
[Black "Michal Drus"]
[Result "1-0"]
[WhiteCountry "ENG"]
[BlackCountry "POL"]
[WhiteElo "2362"]
[WhiteRD "97"]
[BlackElo "1645"]
[BlackRD "57"]
[GameID "316681"]

1. d4 d5 2. Bf4 c5 3. e3 Nf6 4. Nc3 e6 5. Nb5 Na6 6. c3 Be7 7. dxc5 Bxc5 8. b4 Be7 9. Bd3 O-O 10. a4 Ne4
11. Nf3 f5 12. O-O Bf6 13. Bxe4 fxe4 14. Ne5 g5 15. Bg3 h5 16. Qxh5 Bh8 17. f3
1-0

[Event "Do it quickly! #02"]
[Site "SchemingMind.com"]
[Date "2012.08.28"]
[Round "-"]
[White "dangerman1"]
[Black "eun77"]
[Result "1-0"]
[WhiteCountry "ENG"]
[BlackCountry "ISR"]
[WhiteElo "2365"]
[WhiteRD "101"]
[BlackElo "1381"]
[BlackRD "66"]
[GameID "316682"]

1. e4 e5 2. Nc3 d6 3. Nf3 c6 4. d4 exd4 5. Qxd4 h6 6. Bf4 Be7 7. Qxg7 Bf6 8. Qg3 Be7 9. e5 d5 10. Qg7 Bf6
11. exf6 Qxf6 12. Qg3 Qg6 13. Bxb8 Qxg3 14. Bxg3 Be6 15. Bd3 Ne7 16. O-O-O O-O-O 17. Nd4 Bd7 18. Rhe1 b5 19. Bh4 Ng6 20. Bxd8 Kxd8
21. Bxg6 fxg6 22. Rd3 Kc7 23. Re7 Rf8 24. Ne6+ Kd6 25. Nxf8 Kxe7 26. Nxd7 Kxd7 27. Ne2 g5 28. Rh3 g4 29. Rxh6 Kc7 30. Nd4 a6
31. Rxc6+ Kb7 32. Rg6 Ka7 33. Rxg4
1-0

[Event "Do it quickly! #02"]
[Site "SchemingMind.com"]
[Date "2012.08.28"]
[Round "-"]
[White "dangerman1"]
[Black "mtnewk"]
[Result "1-0"]
[WhiteCountry "ENG"]
[BlackCountry "USA"]
[WhiteElo "2362"]
[WhiteRD "97"]
[BlackElo "1568"]
[BlackRD "87"]
[GameID "316683"]

1. Nf3 c5 2. e4 Nc6 3. Bb5 g6 4. Nc3 Bg7 5. h3 Nf6 6. e5 Nh5 7. Bxc6 dxc6 8. d3 Bf8 9. O-O Ng7 10. Bh6 Ne6
11. Qd2 Qb6 12. Bxf8 Nxf8 13. Qh6 Qxb2 14. Qg7 Qxc3 15. Qxh8 Qxc2 16. Ng5 Qxd3 17. Nxh7 Bxh3 18. Qxf8+ Kd7 19. Qxa8 Bxg2 20. Rfd1
1-0

[Event "Do it quickly! #02"]
[Site "SchemingMind.com"]
[Date "2012.09.01"]
[Round "-"]
[White "emvarela"]
[Black "dangerman1"]
[Result "0-1"]
[WhiteCountry "ARG"]
[BlackCountry "ENG"]
[WhiteElo "1717"]
[WhiteRD "50"]
[BlackElo "2365"]
[BlackRD "101"]
[GameID "316684"]

1. e4 c5 2. Nf3 Nc6 3. d4 cxd4 4. Nxd4 e5 5. Nxc6 bxc6 6. Bc4 Nf6 7. Bg5 h6 8. Bxf6 Qxf6 9. O-O Bc5 10. Nd2 O-O
11. Nf3 Rb8 12. b3 d5 13. exd5 Rd8 14. Qe2 cxd5 15. Qxe5 Qxe5 16. Nxe5 dxc4 17. Nxc4 Ba6 18. Rfd1 Bxc4 19. bxc4 Rxd1+ 20. Rxd1 Rb2
0-1

[Event "Do it quickly! #02"]
[Site "SchemingMind.com"]
[Date "2012.08.27"]
[Round "-"]
[White "Phillip Beckett"]
[Black "dangerman1"]
[Result "0-1"]
[WhiteCountry "ENG"]
[BlackCountry "ENG"]
[WhiteElo "1600"]
[WhiteRD "47"]
[BlackElo "2309"]
[BlackRD "99"]
[GameID "316685"]

1. e4 e5 2. Nf3 Nc6 3. Bb5 Nf6 4. d3 Bc5 5. O-O d6 6. h3 O-O 7. c3 a6 8. Ba4 b5 9. Bc2 h6 10. Nbd2 Ba7
11. a4 b4 12. c4 Qe7 13. b3 Nh5 14. Re1 Qf6 15. Nf1 Nd4 16. Nxd4 Bxd4 17. Be3 Bxa1 18. Qxa1 Qg6 19. d4 Bxh3 20. g3 f5
21. dxe5 f4 22. Bd2 fxg3 23. fxg3 Rxf1+ 24. Rxf1 Qxg3+
0-1

[Event "Do it quickly! #02"]
[Site "SchemingMind.com"]
[Date "2012.08.29"]
[Round "-"]
[White "Michal Drus"]
[Black "dangerman1"]
[Result "0-1"]
[WhiteCountry "POL"]
[BlackCountry "ENG"]
[WhiteElo "1645"]
[WhiteRD "57"]
[BlackElo "2362"]
[BlackRD "97"]
[GameID "316686"]

1. e4 c5 2. Nf3 Nc6 3. d4 cxd4 4. Nxd4 e5 5. Nxc6 bxc6 6. Bc4 Nf6 7. Bg5 h6 8. Bh4 g5 9. Bg3 Nxe4 10. Bxe5 Qa5+
11. Bc3 Nxc3 12. Nxc3 Qe5+ 13. Qe2 Bg7 14. O-O-O O-O 15. g3 Qa5 16. Rhe1 d5 17. Bb3 Bxc3 18. bxc3 Qa3+ 19. Kb1 a5 20. Bxd5 cxd5
21. Rd3 Rb8+
0-1

[Event "Do it quickly! #02"]
[Site "SchemingMind.com"]
[Date "2012.08.28"]
[Round "-"]
[White "eun77"]
[Black "dangerman1"]
[Result "0-1"]
[WhiteCountry "ISR"]
[BlackCountry "ENG"]
[WhiteElo "1403"]
[WhiteRD "72"]
[BlackElo "2362"]
[BlackRD "97"]
[GameID "316687"]

1. e4 e5 2. Nf3 Nc6 3. Be2 Nf6 4. d3 d5 5. exd5 Nxd5 6. h3 Bc5 7. O-O Bf5 8. Nc3 O-O 9. Nxd5 Qxd5 10. c4 Qd6
11. Nh2 Rad8 12. Be3 Bxe3 13. fxe3 Bxd3 14. Bxd3 Qxd3 15. Qxd3 Rxd3 16. Rfe1 e4 17. Rad1 Rfd8 18. Rxd3 Rxd3 19. Ng4 Rd2 20. Nf2 f5
21. Rd1 Rxb2 22. a3 Rb3 23. Rd8+ Nxd8 24. Nd1 Rb1 25. Kf2 Rxd1 26. Ke2 Ra1 27. Kd2 f4 28. exf4 Rxa3 29. Ke2 Ne6 30. f5 Nd4+
31. Kd2 e3+ 32. Kd1 Ra1#
0-1

[Event "Do it quickly! #02"]
[Site "SchemingMind.com"]
[Date "2012.08.28"]
[Round "-"]
[White "mtnewk"]
[Black "dangerman1"]
[Result "0-1"]
[WhiteCountry "USA"]
[BlackCountry "ENG"]
[WhiteElo "1568"]
[WhiteRD "87"]
[BlackElo "2362"]
[BlackRD "97"]
[GameID "316688"]

1. d4 Nf6 2. c4 e6 3. a3 d5 4. e3 a6 5. Nc3 c5 6. Nf3 dxc4 7. Bxc4 b5 8. Ba2 Bb7 9. dxc5 Qxd1+ 10. Nxd1 Bxc5
11. O-O O-O 12. b4 Be7 13. Bb2 Nbd7 14. Rc1 Bxf3 15. gxf3 a5 16. bxa5 Rxa5 17. Rc7 Bxa3 18. Bxa3 Rxa3 19. Rc2 b4 20. Bb1 Nd5
21. Rb2 b3 22. Rd2 Ne5 23. Kg2 Nc4 24. Nb2 Nxd2
0-1

[Event "Do it quickly! #02"]
[Site "SchemingMind.com"]
[Date "2012.09.02"]
[Round "-"]
[White "Orange Lion"]
[Black "emvarela"]
[Result "1-0"]
[WhiteCountry "NED"]
[BlackCountry "ARG"]
[WhiteElo "2294"]
[WhiteRD "84"]
[BlackElo "1717"]
[BlackRD "50"]
[GameID "316751"]

1. Nf3 d5 2. d4 Nf6 3. c4 g6 4. Nc3 Bg7 5. Qb3 dxc4 6. Qxc4 c6 7. e4 O-O 8. Be2 b5 9. Qb3 Be6 10. Qc2 Nbd7
11. O-O Nb6 12. Rd1 Bc4 13. Bxc4 Nxc4 14. b3 Nb6 15. Be3 e6 16. Rac1 Rc8 17. Ne2 Ng4 18. Bg5 f6 19. Bh4 Qe7 20. a4 a5
21. Qc5 Qxc5 22. dxc5 Na8 23. axb5 cxb5 24. Ned4 g5 25. Bg3 e5 26. Nxb5 h5 27. Nd6 Rc6 28. Nf5 Nh6 29. Ne7+
1-0